000 00538nam a2200169Ia 4500
005 20250508152829.0
008 008 250505s9999 xx 000 0 eng d
037 _aBooks to be hide in OPAC
040 _aFEDL
_beng
_cFEDL
041 _aeng
_2eng
084 _a373.5456, DEL
_qFEDL
245 0 _aDetalied syllabi of different subjects for middle classes of recognised schools for boys and girls in the Delhi State 1954
260 _c1954
300 _a47p.
942 _cHB
_h373.5456, DEL
999 _c1339039
_d1339039